000 01194 a2200277 4500
003 OSt
005 20180116192332.0
008 120515t xxu||||| |||| 00| 0 eng d
010 _a 2008039321
020 _a9780470053645 (pbk.)
040 _c0
082 0 0 _a720
100 1 _aHanlon, Donald Livingston.
_91378
245 1 0 _aCompositions in architecture /
_cby Don Hanlon.
260 _aHoboken :
_bJohn Wiley & Sons,
_c2009.
300 _avii. 328p.:
_bill;
_c28cm
500 _aIncludes bibliographycal refrences & indexe
505 0 _aFormal properties of a composition -- Notes on the plan -- Type -- Square -- Layering -- Linear forms -- Core and shell -- Frame and object -- Clusters -- Subtractive spaces and the deep wall -- Articulated skin -- Metamorphosis -- Deformation.
650 0 _aArchitectural design.
_91379
650 0 _aArchitecture
_xComposition, proportion, etc.
_91380
650 0 _aBuildings
_xarchitecture
_91381
650 0 _aStructures
_xarchitecture
_91382
856 4 1 _3Table of contents only
_uhttp://www.loc.gov/catdir/toc/ecip0827/2008039321.html
942 _aSADA
_cBK
_k720 HAN 2009
_2ddc
999 _c352356
_d352356